Il Pontefice ed il Principe ossia la teologia, la filosofia e la politica messe d'accorrdo in ordine al Principato Civile del Papa / (Record no. 161491)
[ view plain ]
| 000 -LEADER | |
|---|---|
| campo de control de longitud fija | 00707nam a22001815i 4500 |
| 001 - NÚMERO DE CONTROL | |
| campo de control | 161491 |
| 003 - IDENTIFICADOR DE NÚMERO DE CONTROL | |
| campo de control | ES-MaACL |
| 005 - FECHA Y HORA DE LA ÚLTIMA TRANSACCIÓN | |
| campo de control | 20250830111240.0 |
| 008 - DATOS DE LONGITUD FIJA--INFORMACIÓN GENERAL | |
| campo de control de longitud fija | 041022s1860 xx |||| | ita d |
| 040 ## - FUENTE DE CATALOGACIÓN | |
| Centro catalogador/agencia de origen | CAM |
| Lengua de catalogación | spa |
| Centro/agencia transcriptor | CAM |
| 100 1# - ENTRADA PRINCIPAL--NOMBRE DE PERSONA | |
| Nombre de persona | Passaglia, Carlo ( |
| Fechas asociadas al nombre | 1812-1887) |
| 9 (RLIN) | 130881 |
| 245 13 - MENCIÓN DEL TÍTULO | |
| Título | Il Pontefice ed il Principe ossia la teologia, la filosofia e la politica messe d'accorrdo in ordine al Principato Civile del Papa / |
| Mención de responsabilidad, etc. | dialoghi di Carlos Passaglia. |
| 260 ## - PUBLICACIÓN, DISTRIBUCIÓN, ETC. | |
| Lugar de publicación, distribución, etc. | [s.l.] : |
| Nombre del editor, distribuidor, etc. | [s.n.], |
| Fecha de publicación, distribución, etc. | 1860. |
| 300 ## - DESCRIPCIÓN FÍSICA | |
| Extensión | 138 p. ; |
| Dimensiones | 24 cm. |
| 610 24 - PUNTO DE ACCESO ADICIONAL DE MATERIA--NOMBRE DE ENTIDAD CORPORATIVA | |
| Nombre de entidad corporativa o nombre de jurisdicción como elemento de entrada | Iglesia Católica |
| 9 (RLIN) | 4639 |
| 852 ## - LOCALIZACIÓN | |
| Ubicación | ES-MaACL |
| Número de control de estantería | T-181-F-1 |
| Nota libre | -- Enc. hol. |
| condición física | -- Falto de la cub. original |
| Nota libre | -- Enc. en un vol. facticio |
| Estatus retirado | Estado de pérdida | Estado de daño | No para préstamo | Colección | Biblioteca de origen | Biblioteca actual | Ubicación en estantería | Fecha de adquisición | Total de préstamos | Signatura topográfica completa | Código de barras | Visto por última vez | Precio de reemplazo | Tipo de ítem Koha |
|---|---|---|---|---|---|---|---|---|---|---|---|---|---|---|
| Colección de folletos | Biblioteca del Ateneo de Madrid | Biblioteca del Ateneo de Madrid | Depósito folletos | 17/01/2008 | T-181-F-1 | 1169158 | 23/02/2023 | 23/02/2023 | Folleto |
